000 01638nam0a2200385 4500
001 RU\NLR\bibl\122335
005 20260607063419.0
010 _a5-85085-477-0
_91500
021 _aRU
_b2000-30099
_91414
035 _a(NLR Aleph) 000119810
090 _a682014
_c682014
100 _a20001101d2000 u y0rusy50 ca
101 1 _arus
102 _aRU
105 _aa |||||||||
200 1 _aНа пути к ненасилию
_eОт воспитания в духе ненасилия к формированию ненасильств. о-ва
_fПат Патфорд
_g[Пер. Татьяна Демина]
_gЦентр миротворчества и обществ. развития, Ин-т молодежи. Территория Культуры мира
210 _aМ.
_cИзд-во Ин-т молодежи
_cЦентр миротворчества и обществ. развития
_d2000
215 _a104 с.
_cил.
_d20
300 _aНа обл.: авт.: Пат Патфорт
606 _aНенасилие (социол.)
_91782557
_3RU\NLR\auth\66801395
610 0 _aОбщение - Психология
610 0 _aКонфликт - Психологические исследования
675 _a172
_v3
_zrus
686 _a02.51
_2rugasnti
686 _a87.7
_2rubbk
686 _aС550.72
686 _aС550.35
700 1 _4070
_7ca
_8rus
_aПатфорд
_bП.
_gПат
_9120330
_3RU\NLR\auth\7710562
801 0 _aRU
_bRKP
_c20001101
_gPSBO
801 1 _aRU
_bRKP
_c20001101
801 2 _aRU
_bNLR
_c20010119
_grcr
852 _aNLR
_j2000-3/16258
942 _cBOOK
980 _aNB